[Event "Bad Wiessee Senioren Cup 8th"]
[Site "Bad Wiessee"]
[Date "2019.05.18"]
[Round "8"]
[White "Teichmeister, Sven"]
[Black "Stephan, Hubert"]
[Result "1-0"]
[WhiteElo "1956"]
[BlackElo "1802"]
[PlyCount "31"]
[EventDate "2019.05.11"]
[EventType "swiss"]
[EventRounds "9"]
[EventCountry "GER"]
[SourceTitle "EXT 2020"]
[Source "ChessBase"]
[SourceDate "2019.10.17"]
[SourceVersion "1"]
[SourceVersionDate "2019.10.17"]
[SourceQuality "1"]

1. d4 d5 2. Nf3 Nf6 3. e3 e6 4. Bd3 c6 5. 0-0 Nbd7 6. Nbd2 Bd6 7. Re1 0-0 8. e4 dxe4 9. Nxe4 Nxe4 10. Rxe4 Nf6 11. Rh4 e5 12. dxe5 Bxe5 13. Nxe5 Qc7 14. Bxh7+ Nxh7 15. Qh5 f6 16. Qxh7# 1-0

[Event "Bad Wiessee Senioren Cup 8th"]
[Site "Bad Wiessee"]
[Date "2019.05.13"]
[Round "3"]
[White "Stephan, Hubert"]
[Black "Hunklinger, Harald"]
[Result "1-0"]
[WhiteElo "1802"]
[BlackElo "1572"]
[PlyCount "47"]
[EventDate "2019.05.11"]
[EventType "swiss"]
[EventRounds "9"]
[EventCountry "GER"]
[SourceTitle "EXT 2020"]
[Source "ChessBase"]
[SourceDate "2019.10.17"]
[SourceVersion "1"]
[SourceVersionDate "2019.10.17"]
[SourceQuality "1"]

1. e4 c5 2. Bc4 e6 3. Nf3 d5 4. exd5 exd5 5. Bb5+ Bd7 6. Bxd7+ Qxd7 7. 0-0 Nc6 8. d4 Bd6 9. Nc3 a6 10. dxc5 Bxc5 11. Qxd5 Bd6 12. Rd1 0-0-0 13. a3 Nf6 14. Qc4 Qc7 15. Bg5 Rd7 16. Bxf6 gxf6 17. Nd5 Qd8 18. b4 Kb8 19. Rd3 Re8 20. Re1 Re6 21. g3 b5 22. Qxc6 Bxb4 23. Nd4 Red6 24. Nxb4 1-0

[Event "Bad Wiessee Senioren Cup 8th"]
[Site "Bad Wiessee"]
[Date "2019.05.11"]
[Round "1"]
[White "Stephan, Hubert"]
[Black "Miskevicer, Boris"]
[Result "1/2-1/2"]
[WhiteElo "1802"]
[BlackElo "2064"]
[PlyCount "96"]
[EventDate "2019.05.11"]
[EventType "swiss"]
[EventRounds "9"]
[EventCountry "GER"]
[SourceTitle "EXT 2020"]
[Source "ChessBase"]
[SourceDate "2019.10.17"]
[SourceVersion "1"]
[SourceVersionDate "2019.10.17"]
[SourceQuality "1"]

1. e4 c5 2. Nc3 Nc6 3. Nf3 e5 4. Bb5 d6 5. Ne2 f5 6. exf5 Nh6 7. d3 Nxf5 8. c3 Be7 9. 0-0 a6 10. Bc4 d5 11. Bb3 b5 12. a3 0-0 13. Re1 c4 14. dxc4 dxc4 15. Bc2 Qb6 16. Bxf5 Bxf5 17. Ng3 Rad8 18. Be3 Qc7 19. Qc1 Bd3 20. Bg5 Rde8 21. Bxe7 Rxe7 22. Qg5 h6 23. Qe3 Ref7 24. Ne4 Rxf3 25. gxf3 Qd7 26. Nc5 Qh3 27. f4 Qh5 28. Nxd3 cxd3 29. Qxd3 exf4 30. f3 Rf5 31. Re8+ Qxe8 32. Qxf5 Qe3+ 33. Kg2 Qe2+ 34. Kg1 Ne5 35. Qe6+ Kf8 36. Qd6+ Ke8 37. Qb8+ Kf7 38. Qb7+ Kf6 39. Rf1 Qxb2 40. Qxa6+ Kg5 41. Qb7 Qxc3 42. Qxg7+ Kh5 43. Kg2 Qe3 44. Qf8 Nxf3 45. Rxf3 Qe2+ 46. Rf2 Qg4+ 47. Kf1 Qd1+ 48. Kg2 Qg4+ 1/2-1/2

[Event "Bayern-ch Seniors op 27th"]
[Site "Bergen"]
[Date "2015.06.15"]
[Round "3"]
[White "Malik, Rosemarie"]
[Black "Stephan, Hubert"]
[Result "0-1"]
[WhiteElo "1285"]
[BlackElo "1527"]
[PlyCount "80"]
[EventDate "2015.06.15"]
[EventType "swiss"]
[EventRounds "9"]
[EventCountry "GER"]
[SourceTitle "EXT 2019"]
[Source "ChessBase"]
[SourceDate "2018.10.10"]
[SourceVersion "1"]
[SourceVersionDate "2018.10.10"]
[SourceQuality "1"]

1. e4 e5 2. Nf3 Nc6 3. Bb5 Bc5 4. 0-0 d6 5. Bxc6+ bxc6 6. d3 Ne7 7. Nbd2 0-0 8. b3 Bb6 9. Bb2 c5 10. h3 Ng6 11. Nc4 f5 12. exf5 Bxf5 13. Ne3 Be6 14. Bc1 Nf4 15. Ng4 Bd5 16. Bxf4 Rxf4 17. Ngh2 Qf6 18. c4 Bb7 19. Qd2 Qg6 20. Rfe1 Bxf3 21. Nxf3 Rxf3 22. Kh2 Rxd3 23. Qb2 Ba5 24. Red1 Rxd1 25. Rxd1 Rf8 26. f3 Qf6 27. Qc1 Qf4+ 28. Qxf4 Rxf4 29. Kg3 Rd4 30. Rxd4 cxd4 31. Kf2 Bb4 32. Ke2 Kf7 33. Kd3 g5 34. Ke4 Ke6 35. a4 c6 36. g3 d5+ 37. cxd5+ cxd5+ 38. Kd3 Kf5 39. f4 gxf4 40. gxf4 Kxf4 0-1

[Event "Bayern-ch Seniors op 27th"]
[Site "Bergen"]
[Date "2015.06.15"]
[Round "2"]
[White "Stephan, Hubert"]
[Black "Boldt, Heinrich"]
[Result "0-1"]
[WhiteElo "1527"]
[BlackElo "1682"]
[PlyCount "40"]
[EventDate "2015.06.15"]
[EventType "swiss"]
[EventRounds "9"]
[EventCountry "GER"]
[SourceTitle "EXT 2019"]
[Source "ChessBase"]
[SourceDate "2018.10.10"]
[SourceVersion "1"]
[SourceVersionDate "2018.10.10"]
[SourceQuality "1"]

1. e4 c5 2. Nc3 Nc6 3. Bb5 g6 4. Bxc6 bxc6 5. f4 Bg7 6. Nf3 d6 7. d3 Rb8 8. 0-0 e6 9. Qe1 Ne7 10. Rb1 0-0 11. Be3 Qa5 12. Qd2 Re8 13. Ng5 Ba6 14. g4 d5 15. Ne2 Qxd2 16. Bxd2 Bxb2 17. Rf2 h6 18. Nh3 dxe4 19. dxe4 Bxe2 20. Rxe2 Bd4+ 0-1

[Event "Bayern-ch Seniors op 27th"]
[Site "Bergen"]
[Date "2015.06.15"]
[Round "8"]
[White "Stephan, Hubert"]
[Black "Jehn, Detlef"]
[Result "1-0"]
[WhiteElo "1527"]
[BlackElo "1486"]
[PlyCount "103"]
[EventDate "2015.06.15"]
[EventType "swiss"]
[EventRounds "9"]
[EventCountry "GER"]
[SourceTitle "EXT 2019"]
[Source "ChessBase"]
[SourceDate "2018.10.10"]
[SourceVersion "1"]
[SourceVersionDate "2018.10.10"]
[SourceQuality "1"]

1. e4 e5 2. Bc4 Nf6 3. d3 h6 4. c3 d6 5. Nd2 a6 6. Ngf3 c6 7. Bb3 b5 8. Nf1 a5 9. a3 Qb6 10. Be3 Qb7 11. Ng3 Be7 12. h3 c5 13. 0-0 Be6 14. Nf5 Bxf5 15. exf5 Qd7 16. Bc2 Nc6 17. Qd2 Nh7 18. Rad1 Qxf5 19. d4 Qh5 20. dxc5 Ng5 21. Nxg5 Bxg5 22. Qxd6 Ne7 23. Qxe5 0-0 24. Bxg5 Qxg5 25. Rfe1 Nc6 26. Qe4 Qg6 27. Qxg6 fxg6 28. Re6 Rf6 29. Rde1 Kh7 30. Rxf6 gxf6 31. Re6 Ne5 32. Rxf6 Rc8 33. f4 Nc4 34. Rxg6 Rf8 35. Rf6+ Kg7 36. Rxf8 Kxf8 37. c6 Ke7 38. Bd3 Nd6 39. Kf2 Kd8 40. Be2 Kc7 41. Bf3 Nc4 42. f5 Nxb2 43. f6 Nd3+ 44. Kg3 Ne5 45. Kf4 Nf7 46. h4 Kd6 47. Bh5 Nd8 48. f7 Nxf7 49. Bxf7 Kxc6 50. g4 Kc5 51. g5 hxg5+ 52. hxg5 1-0

[Event "Bayern-ch op Seniors 26th"]
[Site "Bergen"]
[Date "2014.06.28"]
[Round "9"]
[White "Jehn, Detlef"]
[Black "Stephan, Hubert"]
[Result "0-1"]
[WhiteElo "1449"]
[BlackElo "1540"]
[PlyCount "74"]
[EventDate "2014.06.21"]
[EventType "swiss"]
[EventRounds "7"]
[EventCountry "GER"]
[SourceTitle "EXT 2018"]
[Source "ChessBase"]
[SourceDate "2017.10.13"]
[SourceVersion "1"]
[SourceVersionDate "2017.10.13"]
[SourceQuality "1"]

1. e4 c5 2. Bc4 Nc6 3. Nc3 Nf6 4. Nf3 e6 5. a3 Nxe4 6. d3 Nxc3 7. bxc3 d5 8. Bb5 Bd7 9. Bxc6 Bxc6 10. d4 Be7 11. 0-0 0-0 12. Bf4 Ba4 13. Re1 Rc8 14. Qd3 cxd4 15. Nxd4 Bd6 16. Be5 Bxe5 17. Rxe5 Qc7 18. Rh5 g6 19. Rh3 Qb6 20. Re1 Rfe8 21. Qe3 Rc7 22. Qe5 Qc5 23. Nb3 Qe7 24. Rf3 Rec8 25. Qd4 Bxb3 26. cxb3 Qxa3 27. c4 Qb4 28. Rfe3 b5 29. Ra1 a5 30. g3 bxc4 31. bxc4 dxc4 32. h4 c3 33. Qf6 h5 34. Rxe6 c2 35. Rc1 Qd2 36. Rd6 Qxc1+ 37. Kg2 Qd1 0-1